01100nam a2200277Ia 4500008004100000020001800041050001600059050001800075100002800093245001600121245005500137245004700192260001500239260002200254260000900276300001600285300005200301300001100353440000600364500026000370650004700630650002800677650004000705650003300745650004400778161112s9999 xx 000 0 und d a962-258-231-1 aREF DS 655  b.K37 1998 v.8 aDiokno, Maria Serena I. 0aKasaysayan: 4bthe story of Filipino people : up from the ashes / 0cMaria Serena I. Diokno, Ramon N. Villegas. a[s. l. ] : bAsia Publishing,  c1998 a302 pages : billustrations (some color), maps (some color) ; c29 cm. v8 aIncludes bibliographical references and index. v. 1. The Philippine archipelago / Raymundo S. Punongbayan, Prescillano M. Zamora, Perry S. Ong -- v. 2. The Earliest Filipino / Fr. Gabriel S. Casal ... [et al.] -- v. 3. The Spanish conquest / Jose S. Arcil aPhilippines -- History -- Pictorial works. aPhilippines -- History. aPhilippines Description and Travel. xPhilippines -- Civilization. xPhilippines -- Politics and Government.